|
|
|
|
| LEADER |
02047nam a2200433 a 4500 |
| 001 |
45798 |
| 003 |
BD-DhAAL |
| 005 |
20260518163704.0 |
| 008 |
260518t2006 nyuac b 001 0 eng |
| 010 |
|
|
|a 2006017786
|
| 015 |
|
|
|a GBA666336
|2 bnb
|
| 016 |
7 |
|
|a 013522192
|2 Uk
|
| 020 |
|
|
|a 9780231137751
|
| 020 |
|
|
|a 0231137745
|
| 020 |
|
|
|a 9780231137744
|
| 020 |
|
|
|a 0231137753
|
| 035 |
|
|
|a 14400244
|
| 035 |
|
|
|a (OCoLC)70060976
|
| 040 |
|
|
|a DLC
|c DLC
|d BAKER
|d UKM
|d C#P
|d BTCTA
|d YDXCP
|d DLC
|d BD-DhAAL
|
| 041 |
1 |
|
|a eng
|b jpn
|
| 050 |
0 |
0 |
|a PL782.E1
|b M63 2006
|
| 082 |
0 |
0 |
|a 895.6409287
|2 22
|
| 245 |
0 |
4 |
|a The modern murasaki :
|b writing by women of meiji Japan /
|c edited by Rebecca L. Copeland and Melek Ortabasi.
|
| 246 |
|
3 |
|a The modern murasaki
|
| 260 |
|
|
|a New York :
|b Columbia University Press,
|c c2006.
|
| 300 |
|
|
|a xii, 404 pages :
|b ill., ports. ;
|c 23 cm
|
| 490 |
1 |
|
|a Asia perspectives : history, society, and culture
|
| 500 |
|
|
|a Translated from the Japanese.
|
| 504 |
|
|
|a Includes bibliographical references (p. [375]-389) and index.
|
| 526 |
8 |
|
|a AAL
|
| 541 |
|
|
|a Donated by Embassy of Japan in Bangladesh, Read Japan Project 2025, The Tokyo Foundation, supported by The Nippon Foundation.
|e 45798
|
| 650 |
|
0 |
|a Japanese literature
|y Meiji period, 1868-1912
|v Translations into English
|x Women authors.
|9 60857
|
| 700 |
1 |
|
|a Copeland, Rebecca L.,
|d 1956-
|9 60858
|
| 700 |
1 |
|
|a Ortabasi, Melek.
|9 60859
|
| 830 |
|
0 |
|a Asia perspectives : history, society, and culture
|9 60860
|
| 852 |
1 |
|
|a Ayesha Abed Library
|c General Stacks
|
| 942 |
|
|
|2 ddc
|c BK
|
| 999 |
|
|
|c 47982
|d 47982
|
| 952 |
|
|
|0 0
|1 0
|2 ddc
|4 0
|6 895_640928700000000_MOD
|7 0
|9 79229
|a BRACUL
|b BRACUL
|d 2026-05-18
|e Donated by Embassy of Japan in Bangladesh, Read Japan Project 2025, The Tokyo Foundation, supported by The Nippon Foundation.
|l 0
|o 895.6409287 MOD
|p 3010045798
|r 2026-05-18
|w 2026-05-18
|y BK
|x Donated copy received from Embassy of Japan in Bangladesh, Read Japan Project 2025, The Tokyo Foundation, supported by The Nippon Foundation on 08 April 2026; $31.34 Amazon.com
|